Cyberpunk 2077 Locations [SPOILERS] - Statistics

General Stats
  • This quiz has been taken 162 times
  • The average score is 6 of 16
Answer Stats
Hint Answer % Correct
Digital "place" where the engrams of Soulkiller's victims are stored Mikoshi
88%
Where you can find Wakako, or hire a joytoy Jig-Jig Street
64%
The site of the Relic heist Konpeki Plaza
59%
Viktor's clinic is located behind this store, ran by Jackie's girlfriend Misty's Esoterica
59%
Club where V first meets Judy and Evelyn Lizzie's Bar
43%
Building where you can find V's starting apartment Megabuilding H10
43%
The building V must infiltrate as requested by the Voodoo Boys, in exchange for an audience with Maman Brigitte Grand Imperial Mall
42%
Luxurious destination where V is sent by Mr. Blue Eyes in The Sun ending Crystal Palace Space Station
35%
The venue of Kurt Hansen's high-profile party, infiltrated by V and Reed Black Sapphire
31%
Where V and Panam team up to surprise Nash Rocky Ridge
30%
Maelstrom club that V visits to find Nancy Totentanz
27%
Underground facility Songbird flees to, in the King of Cups/King of Pentacles endings Cynosure Facility
25%
Striking Dogtown landmark where you can find Mr. Hands Heavy Hearts Club Pyramid
23%
Facility infiltrated by V and Songbird, in the King of Wands/King of Swords endings NCX Spaceport
23%
Where V's necklace is interred in the Temperance ending North Oak Columbarium
23%
Where Judy grew up, and revisits with V in Pyramid Song Laguna Bend
22%
No matching quizzes found
Score Distribution
Percent of People with Each Score
Percentile by Number Answered
Your Score History
You have not taken this quiz